000 01231cad a22002055a 4500
001 L137555
008 070413e20070314xxk f f000 0 eng d
035 _a(Sirsi) u137555
041 0 _aeng
110 1 _aUnited Kingdom
_bInsolvency Service
_95162
245 0 0 _aInvestigation exposes land sales scam
_h[electronic resource]
260 _aLondon
_bInsolvency Service
490 _aInsolvency Service Press Notice
_vIns/Com/48
520 _aReports how a company marketing plots of land on behalf of a land bank business has been wound up after an investigation by the Companies Investigation Branch of the Insolvency Service. The investigation found that the company, Actionjack, had been offering investment advice to the public despite its sales staff having had no previous experience or qualifications to advise on purchasing land as an investment. Also found that the company?s promotional literature had made some very dubious claims.
590 _aKA
651 4 _aUnited Kingdom
_y
690 _aENVIRONMENTAL AND LAND CONSULTANCY
856 4 0 _uhttps://www.gnn.gov.uk/environment/fullDetail.asp?ReleaseID=271154&NewsAreaID=2&NavigatedFromDepartment=True
_zView the item free of charge at www.gnn.gov.uk...
942 _n0
999 _c78657
_d78657